000 00627nam a2200217 i 4500
001 141404
003 ES-MaACL
005 20230906200303.0
007 t|
008 070924s1983 sp ||||1| spa d
020 _a84-256-0375-7
080 _a840-31"19"
100 1 _aVillars, Janine.
_9115147
245 1 3 _aLa reina de Saba /
_cJanine Villars ; traducción M. García Viñó.
260 _aMadrid :
_bIbérico Europea,
_c[1983]
300 _a218 p. ;
_c21 cm.
504 _aBibliografía: p. [217]-218.
600 0 4 _aSaba,
_cReina de.
_9172869
700 1 _aGarcía Viñó, M.
_955416
852 _aES-MaACL
_jL-4165
999 _c141404
_d141404